Practica de los exercicios espirituales de san Ignacio de Loyola, fundador de la Compañia de Jesus

Detalles Bibliográficos
Autor principal: Torrubia, Pedro Tomás
Formato: Libro
Lenguaje:Spanish
Publicado: Alcala 1797
Materias:
Colección:Banco de datos
Acervo:Biblioteca de la Congregación del Oratorio de San Felipe Neri de México. Iglesia La Profesa
Descripción Física:2 t. 8°
Tema general:Ascética
Notas:Portada tipográfica con viñeta en grabado xilográfico. Texto a renglón seguido. Incluye cabecera de título en grabado xilográfico. Tomo con portada y numeración propias. Año del t. 1 publicado en 1797. Paginación: t. 1 598 p. Encuadernación en piel sobre cartón
LEADER 01152nam a22001930004500
035 |a 2423 
041 0 |a spa 
100 1 |a Torrubia, Pedro Tomás 
245 1 0 |a Practica de los exercicios espirituales de san Ignacio de Loyola, fundador de la Compañia de Jesus  |c por el Padre Pedro Thomas Torrubia, de la Compañia de Jesus 
260 |a Alcala  |b en la imprenta y librería de D. Isidro Lopez  |c 1797 
300 |a 2 t.  |c 8° 
500 |a Portada tipográfica con viñeta en grabado xilográfico. Texto a renglón seguido. Incluye cabecera de título en grabado xilográfico. Tomo con portada y numeración propias. Año del t. 1 publicado en 1797. Paginación: t. 1 598 p. Encuadernación en piel sobre cartón  
504 |a Índice de contenido 
505 0 0 |a t. 1 Las meditaciones, oraciones vocales, lecciones espirituales, historiales, doctrinales, exâmenes, &c. con método aplicable á exercicios, asi públicos como privados 
650 1 0 |a Ascética 
949 |a Iglesia La Profesa, Biblioteca t. 1 (4588) 
942 |c PROFESA 
943 |g Biblioteca de la Congregación del Oratorio de San Felipe Neri de México. Iglesia La Profesa 
999 |c 949234  |d 949234